书目信息 |
| 题名: |
数学物理方法
|
|
| 作者: | 陆全康 编 | |
| 分册: | 下册 | |
| 出版信息: | 上海 上海科学技术出版社 1982.1 |
|
| 页数: | 315页 | |
| 开本: | 20cm | |
| 丛书名: | ||
| 单 册: | ||
| 中图分类: | O411.1 | |
| 科图分类: | ||
| 主题词: | 理论物理学 | |
| 电子资源: | ||
| ISBN: | ||
| 000 | 00564nam0 2200205 45 | |
| 001 | 0312221749 | |
| 005 | 20040525082540.5 | |
| 010 | @dCNY1.15 | |
| 091 | @a13119.1003 | |
| 100 | @a20031222d1982 km y0chiy0120 ea | |
| 101 | @achi | |
| 105 | @a z 000yy | |
| 200 | 1 | @a数学物理方法@h下册@AShu Xue Wu Li Fang Fa@f陆全康编@FLu Quan Kang Bian |
| 210 | @a上海@c上海科学技术出版社@d1982.1 | |
| 215 | @a315页@d20cm | |
| 606 | 0 | @a理论物理学 |
| 690 | @aO411.1@v3 | |
| 701 | 0 | @a陆全康@4编 |
| 801 | @aCN@bTSTCL@c20031222 | |
| 905 | @dO411.1@e1:2@f2@b94962-963@b94965@f1 | |
| 数学物理方法.下册/陆全康编.-上海:上海科学技术出版社,1982.1 |
| 315页;20cm |
| ISBN :CNY1.15 |
| ● |
| 相关链接 |
|
|
|
|
正题名:数学物理方法
索取号:O411.1/1:2
 
预约/预借
| 序号 | 登录号 | 条形码 | 馆藏地/架位号 | 状态 | 备注 |
| 1 | 0094962 | 000400827 | 密集书库/ [索取号:O411.1/1:2] | 在馆 | |
| 2 | 0094963 | 000400845 | 第三借阅区/ [索取号:O411.1/1:2] | 在馆 | |
| 3 | 0094965 | 000400934 | 密集书库/ [索取号:O411.1/1:2] | 在馆 | |
| 4 | 0094966 | 000400836 | 第二样本阅览室/ [索取号:O411.1/1:2] | 在馆 |